Személyi hir
Správa o tom, že zodpovedný redaktor týždenníka Homonna és Vidéke, humenský právnik Ernest (Ernő) Török odcestoval začiatkom júla 1913 na dlhšiu zahraničnú cestu. Návrat je očakávaný až koncom júla 1913, kedy preberie zodpovšednosť za týždenník.
| Médium: | Článok |
|---|---|
| Jazyk: | Hungarian |
| Témy: | |
| Zdroj: |
1. Homonna és Vidéke : Hetilap 1. Roč. 13, č. 29 (13.07.1913) s. 2 |
| LEADER | 01048nab#a2200289#ar4500 | ||
|---|---|---|---|
| 001 | 000072001 | ||
| 003 | SVKKK | ||
| 005 | 20020116xxxxxxx. | ||
| 008 | 06 c xo huno | ||
| FMT | |||
| 038 | |a SVKKK | ||
| 040 | |a SVKKK |b slo |e AACR2 | ||
| 041 | 0 | |a hun | |
| 044 | |a xo |c SK | ||
| 080 | |a 07:394 | ||
| 242 | 1 | 0 | |a Pesonálne správy |
| 245 | 0 | 0 | |a Személyi hir |
| 500 | |a mikrofilm | ||
| 520 | 2 | |a Správa o tom, že zodpovedný redaktor týždenníka Homonna és Vidéke, humenský právnik Ernest (Ernő) Török odcestoval začiatkom júla 1913 na dlhšiu zahraničnú cestu. Návrat je očakávaný až koncom júla 1913, kedy preberie zodpovšednosť za týždenník. | |
| 650 | 0 | 4 | |a verejný a spoločenský život - Török, Ernest (právnik) - Homonna és Vidéke (týždenník) - pôsobenie - cesta zahraničná - rok 1913 - správy |
| 773 | 0 | |t Homonna és Vidéke : Hetilap |g Roč. 13, č. 29 (13.07.1913) s. 2 | |
| 957 | |a Humenné | ||
| 958 | |a SK | ||
| 974 | |a Ba |d 20020116 | ||
| 992 | |a RBX | ||
| BAS | |||
| 998 | |a RETRO | ||